000
00324nam a2200133Ia 4500
005
20251222154328.0
008
251222s9999||||xx |||||||||||||| ||spa||
020
_a
978-612-4204-82-1
082
_a
370.11/B24
100
_a
Barcia Boniffatti, Emilia Zanika
245
0
_a
Educar es Vivir
264
_b
Centauro
942
_c
LIB
999
_c
34055
_d
34055